|
|
|
|
| LEADER |
00000nab a2200000 ar4500 |
| 001 |
vtls010449977 |
| 003 |
SK-MaSNL |
| 005 |
20260305031215.0 |
| 008 |
120913c2011 xo mr|p|||||||000 b|slo |
| 038 |
|
|
|a SNSK
|
| 040 |
|
|
|b slo
|c SNSK
|e AACR2
|
| 041 |
|
|
|a slo
|
| 044 |
|
|
|a xo
|c SK
|
| 080 |
|
|
|a 725.51
|x (437.678)
|2 2001
|
| 100 |
1 |
|
|a Beňová, Andrea
|4 aut
|9 776706
|
| 245 |
1 |
0 |
|a Nemocnica Krompachy
|c Andrea Beňová
|
| 610 |
2 |
7 |
|a Nemocnica s poliklinikou (Krompachy, Slovensko)
|2 snsk
|9 58943
|
| 650 |
0 |
7 |
|a činnosť
|2 snsk
|9 282874
|
| 651 |
|
7 |
|a Krompachy (Slovensko)
|2 snsk
|9 43389
|
| 651 |
|
7 |
|a Spišská Nová Ves (Slovensko : okres)
|2 snsk
|9 22259
|
| 773 |
0 |
|
|t Krompašský spravodajca
|g Roč. XXI., č. 3 (marec 2011), s. 3.
|
| 852 |
|
|
|a SNSK
|b KIS3GCP
|
| 999 |
|
|
|c 3315267
|d 3317197
|